[Event "Bad Woerishofen 2017 - Senioren"]
[Site "Bad Woerishofen"]
[Date "2017.03.10"]
[Round "1.1"]
[White "Trefzer, Erhard"]
[Black "Frick, Christoph"]
[Result "0-1"]
[WhiteElo "1886"]
[BlackElo "2256"]
[Annotator "chessorg"]
[PlyCount "62"]
[EventDate "2017.??.??"]
[WhiteTeam "SV Besigheim"]
[BlackTeam "Tuebingen"]

1. d4 d5 2. Nf3 Nf6 3. c4 c6 4. cxd5 cxd5 5. Nc3 Nc6 6. Bg5 Ne4 7. Bf4 e6 8. e3
Bb4 9. Qb3 O-O 10. Bd3 f5 11. h4 Qe7 12. a3 Bd6 13. Ne2 Bd7 14. O-O Rac8 15.
Rac1 Rc7 16. Qa2 Rfc8 17. b4 h6 18. Rc2 Be8 19. Bxd6 Qxd6 20. Rfc1 Bh5 21. Nf4
Bxf3 22. gxf3 Nf6 23. b5 Nxd4 24. Rxc7 Rxc7 25. Rxc7 Nxf3+ 26. Kf1 Qxc7 27. Qb2
Qe5 28. Qc1 Kh7 29. h5 Nxh5 30. Nxh5 Qh2 31. Qb2 Qxh5 0-1

[Event "Bad Woerishofen 2017 - Senioren"]
[Site "Bad Woerishofen"]
[Date "2017.03.10"]
[Round "1.2"]
[White "Berry, Stephen"]
[Black "Braeu, Ludwig"]
[Result "1-0"]
[WhiteElo "2272"]
[BlackElo "1878"]
[Annotator "chessorg"]
[PlyCount "47"]
[EventDate "2017.??.??"]
[WhiteTeam "Wimbledon"]
[BlackTeam "Markt Oberdorf"]

1. c4 g6 2. Nc3 Bg7 3. Nf3 e5 4. d4 exd4 5. Nxd4 Ne7 6. g3 O-O 7. Bg2 Nbc6 8.
Nxc6 Nxc6 9. O-O d6 10. Bd2 Ne5 11. b3 c6 12. Rc1 Be6 13. h3 f5 14. f4 Nd7 15.
Kh2 Nf6 16. Be3 Re8 17. Bd4 Bf7 18. Re1 Ne4 19. Bxe4 fxe4 20. e3 Bf8 21. Ne2
Be7 22. Qd2 c5 23. Bb2 Qc7 24. Qc3 1-0

[Event "Bad Woerishofen 2017 - Senioren"]
[Site "Bad Woerishofen"]
[Date "2017.03.10"]
[Round "1.3"]
[White "Reimann, Guenther"]
[Black "Pribyl, Josef"]
[Result "1/2-1/2"]
[WhiteElo "1873"]
[BlackElo "2263"]
[Annotator "chessorg"]
[PlyCount "59"]
[EventDate "2017.??.??"]
[WhiteTeam "SC Magstadt"]
[BlackTeam "SC 1868 Bamberg"]

1. c4 e5 2. d3 Nc6 3. Nf3 f5 4. Bg5 Nf6 5. Nc3 h6 6. Bxf6 Qxf6 7. e4 Bb4 8. Nd2
Bxc3 9. bxc3 d6 10. Be2 O-O 11. O-O Nd8 12. Bf3 Bd7 13. Rb1 Bc6 14. exf5 Qxf5
15. Bxc6 bxc6 16. Ne4 Ne6 17. Ng3 Qf6 18. Ne4 Qg6 19. Kh1 Rf7 20. f3 h5 21. Qe1
Nf4 22. g3 Ne6 23. Qe3 c5 24. Rb2 Qf5 25. Kg2 h4 26. Nd2 Rf6 27. Qe4 Raf8 28.
Qxf5 Rxf5 29. Rfb1 Ng5 30. Rb8 1/2-1/2

[Event "Bad Woerishofen 2017 - Senioren"]
[Site "Bad Woerishofen"]
[Date "2017.03.10"]
[Round "1.4"]
[White "Kierzek, Matthias"]
[Black "Blutharsch, Walter"]
[Result "1-0"]
[WhiteElo "2245"]
[BlackElo "1869"]
[Annotator "chessorg"]
[PlyCount "49"]
[EventDate "2017.??.??"]
[WhiteTeam "SC Fulda"]
[BlackTeam "VfL Sindelfingen"]

1. d4 d5 2. c4 e6 3. Nc3 Nf6 4. Bg5 Be7 5. e3 Nc6 6. Nf3 h6 7. Bxf6 Bxf6 8.
cxd5 exd5 9. Bd3 O-O 10. Rc1 Re8 11. Bb1 Be6 12. O-O Qd7 13. Qc2 Rac8 14. Na4
Nd8 15. Nc5 Qd6 16. Qa4 c6 17. Qxa7 Qc7 18. Ne1 Bg4 19. Ned3 Bf5 20. Nf4 Bxb1
21. Rxb1 Bxd4 22. Nxd5 Bxc5 23. Nxc7 Bxa7 24. Nxe8 Bc5 25. Rfd1 1-0

[Event "Bad Woerishofen 2017 - Senioren"]
[Site "Bad Woerishofen"]
[Date "2017.03.10"]
[Round "1.5"]
[White "Stokes, Paul"]
[Black "Baum, Bernd"]
[Result "0-1"]
[WhiteElo "1867"]
[BlackElo "2223"]
[Annotator "chessorg"]
[PlyCount "110"]
[EventDate "2017.??.??"]
[WhiteTeam "Battersea"]
[BlackTeam "SC Fulda"]

1. d4 d5 2. c4 c6 3. Nf3 Nf6 4. e3 e6 5. b3 Nbd7 6. Bd3 Bd6 7. Bb2 O-O 8. Nbd2
c5 9. cxd5 exd5 10. O-O b6 11. Rc1 Bb7 12. Ne5 Qe7 13. Nxd7 Nxd7 14. Qh5 g6 15.
Qh6 f5 16. Nf3 Nf6 17. dxc5 bxc5 18. Qg5 Ne4 19. Qxe7 Bxe7 20. Rfd1 Rac8 21.
Nd2 Nf6 22. Nf3 Rfd8 23. Ne5 Ne4 24. Be2 Bh4 25. g3 Be7 26. h4 Bd6 27. Nf3 Re8
28. Bb5 Re7 29. Ng5 Nxg5 30. hxg5 Be5 31. Ba3 Rec7 32. Bf1 Kf7 33. Bg2 Ke6 34.
Rd2 c4 35. bxc4 Rxc4 36. Rxc4 Rxc4 37. Bb2 Bxb2 38. Rxb2 Ba6 39. Rb8 Rc1+ 40.
Kh2 Rc2 41. Rh8 Rxf2 42. Kg1 Rxa2 43. Rxh7 Bb5 44. Rg7 Be8 45. Rg8 Bf7 46. Rd8
Ke7 47. Rb8 Be6 48. Rb7+ Kd6 49. Rg7 Ra3 50. Kf2 Ra2+ 51. Kg1 a5 52. Rxg6 Rc2
53. Rg7 Rc7 54. Rg6 a4 55. Rh6 a3 0-1

[Event "Bad Woerishofen 2017 - Senioren"]
[Site "Bad Woerishofen"]
[Date "2017.03.10"]
[Round "1.6"]
[White "Okrajek, Alexander"]
[Black "Klimpel, Siegfried"]
[Result "1-0"]
[WhiteElo "2213"]
[BlackElo "1865"]
[Annotator "chessorg"]
[PlyCount "71"]
[EventDate "2017.??.??"]
[WhiteTeam "SC 1919 Siegburg e.V."]
[BlackTeam "TSV Kareth - Lappersdorf"]

1. e4 c5 2. Nc3 a6 3. Nf3 Nc6 4. d4 cxd4 5. Nxd4 e5 6. Nf5 d6 7. Ne3 Be6 8.
Ned5 b5 9. a4 b4 10. Na2 Nf6 11. Bg5 Be7 12. Bxf6 Bxf6 13. Naxb4 Nxb4 14. Nxb4
O-O 15. c3 Qb6 16. a5 Qb7 17. Bd3 Rfd8 18. Qe2 Bc8 19. Bc4 Bd7 20. O-O Bb5 21.
Bxb5 axb5 22. Rfd1 Be7 23. Rd5 Rdb8 24. Qd3 Ra7 25. g3 h5 26. Kg2 Qd7 27. a6 h4
28. Ra5 h3+ 29. Kf1 f5 30. Rdxb5 Rf8 31. Qd5+ Kh8 32. Rb7 Rxb7 33. axb7 fxe4
34. Ra8 Qf5 35. Rxf8+ Qxf8 36. Nc6 1-0

[Event "Bad Woerishofen 2017 - Senioren"]
[Site "Bad Woerishofen"]
[Date "2017.03.10"]
[Round "1.7"]
[White "Rueggeberg, Wilhelm"]
[Black "Daeubler, Heinrich"]
[Result "0-1"]
[WhiteElo "1845"]
[BlackElo "2161"]
[Annotator "chessorg"]
[PlyCount "80"]
[EventDate "2017.??.??"]
[WhiteTeam "Sfr.Saarburg-Trier"]
[BlackTeam "SC Haselmuehl"]

1. d4 g6 2. c4 Bg7 3. Nc3 d6 4. e4 Nc6 5. Be3 e5 6. d5 Nce7 7. Be2 f5 8. exf5
Nxf5 9. Nf3 Nxe3 10. fxe3 Bh6 11. Qd3 Nf6 12. O-O Qe7 13. Nd2 Bf5 14. e4 Bd7
15. b4 a5 16. bxa5 Rxa5 17. Nb3 Ra3 18. Qc2 O-O 19. Nb5 Bxb5 20. cxb5 Rfa8 21.
Rf3 Ng4 22. Bd3 Be3+ 23. Kh1 Nf2+ 24. Rxf2 Bxf2 25. Qxf2 Rxb3 26. Qe2 Raa3 27.
Bc4 Rc3 28. Rf1 Ra8 29. Bb3 Rf8 30. Rd1 Qg5 31. h3 Qg3 32. Qg4 Qxg4 33. hxg4
Rf4 34. Re1 Rxg4 35. Re2 Kg7 36. Rc2 Rxc2 37. Bxc2 h5 38. Kg1 Kf6 39. Kf2 h4
40. a4 b6 0-1

[Event "Bad Woerishofen 2017 - Senioren"]
[Site "Bad Woerishofen"]
[Date "2017.03.10"]
[Round "1.8"]
[White "Witte, Manfred"]
[Black "Wulf, Adalbert"]
[Result "1-0"]
[WhiteElo "2155"]
[BlackElo "1840"]
[Annotator "chessorg"]
[PlyCount "81"]
[EventDate "2017.??.??"]
[WhiteTeam "VfB Hermsdorf e.V."]
[BlackTeam "SV Ennigerloh-Oelde"]

1. e4 d6 2. d4 Nf6 3. Nc3 a6 4. f4 g6 5. Nf3 Bg7 6. Be3 O-O 7. Bd3 Nbd7 8. a4
b6 9. h3 Bb7 10. O-O c5 11. d5 Qc7 12. Bc4 b5 13. axb5 Nb6 14. Nd2 Nxc4 15.
Nxc4 axb5 16. Rxa8 Rxa8 17. Nxb5 Qb8 18. Qf3 Bxd5 19. exd5 Qxb5 20. b3 Qb7 21.
Rd1 Ra2 22. Rd2 Qc8 23. g4 h5 24. g5 Ne8 25. Bf2 Qf5 26. Ne3 Qc8 27. Nc4 Qf5
28. Kg2 Ra6 29. Re2 Bf8 30. Ne3 Qd7 31. f5 Ng7 32. f6 Ne8 33. Nc4 exf6 34. gxf6
Qd8 35. Be1 Nc7 36. Bc3 Qa8 37. Ne3 Bh6 38. Kh2 Qd8 39. Nf5 Bf8 40. Ne7+ Kh7
41. Qe4 1-0

[Event "Bad Woerishofen 2017 - Senioren"]
[Site "Bad Woerishofen"]
[Date "2017.03.10"]
[Round "1.9"]
[White "Scholz, Herbert"]
[Black "Kelchner, Hans"]
[Result "0-1"]
[WhiteElo "1838"]
[BlackElo "2152"]
[Annotator "chessorg"]
[PlyCount "102"]
[EventDate "2017.??.??"]
[WhiteTeam "Post SV Neustadt"]
[BlackTeam "SK 1912 Ludwigshafen"]

1. b3 d5 2. Bb2 Nf6 3. e3 Bf5 4. Be2 Nc6 5. g4 Be4 6. f3 Bg6 7. h4 h5 8. g5 Nd7
9. d4 e6 10. Bd3 Bxd3 11. Qxd3 Bd6 12. Ne2 Nb4 13. Qd2 a5 14. a3 Na6 15. Nbc3
c6 16. e4 b5 17. exd5 exd5 18. Kf2 Qc7 19. Qe3+ Kd8 20. Rhg1 Re8 21. Qd3 Nf8
22. Rae1 Ng6 23. Qf5 Qd7 24. Qxd7+ Kxd7 25. Rh1 Nc7 26. Nd1 Nf4 27. Bc1 Nce6
28. Nxf4 Nxf4 29. Ne3 g6 30. Ng2 Ne6 31. c3 b4 32. axb4 axb4 33. Bd2 bxc3 34.
Bxc3 Ra2+ 35. Kf1 Rc2 36. Re3 Rb8 37. Ne1 Ra2 38. b4 Bxb4 39. Bxb4 Rxb4 40. Nd3
Rb1+ 41. Re1 Rxe1+ 42. Kxe1 Ra1+ 43. Kf2 Rxh1 44. Ne5+ Kc7 45. Nxf7 Rxh4 46.
Ne5 Nxg5 47. Nxg6 Rxd4 48. Kg3 c5 49. f4 Ne6 50. f5 Rg4+ 51. Kf3 Nd4+ 0-1

[Event "Bad Woerishofen 2017 - Senioren"]
[Site "Bad Woerishofen"]
[Date "2017.03.10"]
[Round "1.10"]
[White "Bhend, Edwin"]
[Black "Rumsey, Victor"]
[Result "1/2-1/2"]
[WhiteElo "2138"]
[BlackElo "1897"]
[Annotator "chessorg"]
[PlyCount "40"]
[EventDate "2017.??.??"]
[WhiteTeam "ohne"]
[BlackTeam "Battersea"]

1. d4 Nf6 2. Nc3 d5 3. Bg5 Nbd7 4. Nf3 c5 5. dxc5 Qa5 6. e3 e6 7. Bxf6 gxf6 8.
a3 Qxc5 9. Be2 f5 10. Qd4 Qxd4 11. exd4 a6 12. O-O Bd6 13. Rfe1 O-O 14. Rad1 b6
15. Na2 Bb7 16. Nc1 Rac8 17. c3 Kh8 18. Nd3 Rce8 19. Bf1 Rg8 20. Nde5 Re7
1/2-1/2

[Event "Bad Woerishofen 2017 - Senioren"]
[Site "Bad Woerishofen"]
[Date "2017.03.10"]
[Round "1.11"]
[White "Reichwald, Klaus"]
[Black "Norman, Kenneth"]
[Result "0-1"]
[WhiteElo "1834"]
[BlackElo "2136"]
[Annotator "chessorg"]
[PlyCount "86"]
[EventDate "2017.??.??"]
[WhiteTeam "SC Lohhof 1950 e.V."]

1. e4 e5 2. Nf3 Nc6 3. Bb5 a6 4. Ba4 Nf6 5. d3 d6 6. h3 Be7 7. c3 O-O 8. O-O b5
9. Bc2 Bb7 10. Be3 Re8 11. Nbd2 h6 12. Re1 Bf8 13. Nf1 Nb8 14. Ng3 c5 15. Qe2
Nbd7 16. Rad1 d5 17. Bc1 d4 18. cxd4 cxd4 19. Bb3 Nc5 20. Bc2 b4 21. Bd2 a5 22.
Rc1 Ba6 23. Nh2 Qb6 24. f4 exf4 25. Bxf4 Nfxe4 26. Nxe4 Rxe4 27. Qf3 Rxe1+ 28.
Rxe1 Bb7 29. Qg3 Kh7 30. Ng4 f6 31. Rf1 Re8 32. Bxh6 Re2 33. Rf2 Rxf2 34. Qxf2
gxh6 35. Nxf6+ Kg6 36. Ng4 Bg7 37. Qg3 Kh7 38. Bd1 Qg6 39. Qc7 Qc6 40. Qg3 Ne6
41. Bf3 Qc1+ 42. Kh2 Bxf3 43. gxf3 Qf4 0-1

[Event "Bad Woerishofen 2017 - Senioren"]
[Site "Bad Woerishofen"]
[Date "2017.03.10"]
[Round "1.12"]
[White "Gundersen, Helge"]
[Black "Urban, Rudolf"]
[Result "1/2-1/2"]
[WhiteElo "2134"]
[BlackElo "1833"]
[Annotator "chessorg"]
[PlyCount "82"]
[EventDate "2017.??.??"]
[BlackTeam "Roter Turm Altstadt Muenchen"]

1. e4 c6 2. d4 d5 3. e5 c5 4. dxc5 Nc6 5. Nf3 e6 6. Bd3 Bxc5 7. O-O Nge7 8. c3
Ng6 9. Re1 O-O 10. Nbd2 f5 11. b4 Be7 12. b5 Na5 13. Nb3 Nxb3 14. axb3 Bd7 15.
c4 Bb4 16. Bd2 Bxd2 17. Qxd2 dxc4 18. Bxc4 Qe7 19. Rad1 Rfd8 20. Qd6 Kf8 21. h4
h6 22. g3 Ke8 23. Qc7 Rdc8 24. Qxb7 Rcb8 25. Qc7 Rc8 26. Qd6 Qxd6 27. Rxd6 Rc5
28. Red1 Nf8 29. b6 axb6 30. Rxb6 g6 31. Re1 Rd8 32. Nd4 Ke7 33. Rb7 g5 34.
hxg5 hxg5 35. f4 Ke8 36. Kf2 gxf4 37. gxf4 Bc8 38. Bb5+ Rxb5 39. Nxb5 Bxb7 40.
Nd6+ Rxd6 41. exd6 Kf7 1/2-1/2

[Event "Bad Woerishofen 2017 - Senioren"]
[Site "Bad Woerishofen"]
[Date "2017.03.10"]
[Round "1.13"]
[White "Maassen, Hermann"]
[Black "Weinwurm, Wolfgang"]
[Result "0-1"]
[WhiteElo "1832"]
[BlackElo "2133"]
[Annotator "chessorg"]
[PlyCount "64"]
[EventDate "2017.??.??"]
[BlackTeam "Ternitz"]

1. e4 d6 2. d4 Nf6 3. Nc3 g6 4. Nf3 Bg7 5. Bc4 O-O 6. O-O Nxe4 7. Nxe4 d5 8.
Bxd5 Qxd5 9. Nc3 Qd8 10. Be3 Nc6 11. Qd2 Bg4 12. Rad1 Bxf3 13. gxf3 Qd7 14. Kh1
Rad8 15. Ne2 Qf5 16. f4 h5 17. Ng3 Qh3 18. f3 Nxd4 19. Bxd4 Rxd4 20. Qe3 Rfd8
21. Rxd4 Rxd4 22. Rg1 Qd7 23. f5 h4 24. Nh5 Rd6 25. Nxg7 Kxg7 26. Qg5 Qc6 27.
Qe3 Qxc2 28. Qe5+ Kh7 29. fxg6+ Rxg6 30. Rxg6 Kxg6 31. Qxe7 h3 32. Qe4+ Qxe4
0-1

[Event "Bad Woerishofen 2017 - Senioren"]
[Site "Bad Woerishofen"]
[Date "2017.03.10"]
[Round "1.14"]
[White "Weenink, Henk"]
[Black "Knischka, Walter"]
[Result "1/2-1/2"]
[WhiteElo "2132"]
[BlackElo "1831"]
[Annotator "chessorg"]
[PlyCount "104"]
[EventDate "2017.??.??"]
[WhiteTeam "SC Soest 1922"]
[BlackTeam "SK Oberguenzburg"]

1. e4 g6 2. d4 Bg7 3. Nc3 d6 4. Be2 a6 5. h4 h5 6. Nh3 b5 7. Ng5 Nc6 8. Be3 Nf6
9. Bf3 e5 10. d5 Ne7 11. Be2 O-O 12. f3 Nh7 13. Nxh7 Kxh7 14. g4 f5 15. gxh5
gxh5 16. Bg5 f4 17. Bd3 Qe8 18. Qd2 Bd7 19. O-O-O c5 20. dxc6 Bxc6 21. Nd5 Bxd5
22. exd5+ Kh8 23. Be4 Nf5 24. Qb4 Qd7 25. Rhg1 a5 26. Qe1 b4 27. Kb1 Rac8 28.
Rd3 Rb8 29. a3 Rb7 30. axb4 axb4 31. b3 Ra8 32. Rd1 Ne3 33. Qxe3 fxe3 34. Bxe3
Qc7 35. Bc1 Qa5 36. Bb2 Qa2+ 37. Kc1 Bh6+ 38. Rg5 Rc7 39. f4 Bxg5 40. hxg5 Qa1+
41. Bxa1 Rxa1+ 42. Kd2 Rxd1+ 43. Kxd1 exf4 44. Ke2 Rg7 45. Kf3 Rf7 46. Bd3 Rf8
47. Be4 h4 48. Kg4 h3 49. Kxh3 f3 50. Bd3 f2 51. Kg2 Rf4 52. Kf1 Rf3 1/2-1/2

[Event "Bad Woerishofen 2017 - Senioren"]
[Site "Bad Woerishofen"]
[Date "2017.03.10"]
[Round "1.16"]
[White "Zunker, Reinhard"]
[Black "Flockerzi, Armin"]
[Result "1-0"]
[WhiteElo "2121"]
[BlackElo "1822"]
[Annotator "chessorg"]
[PlyCount "69"]
[EventDate "2017.??.??"]
[WhiteTeam "SV 1920 Hofheim"]
[BlackTeam "VfR-SC Koblenz"]

1. e4 e5 2. Nf3 Nf6 3. Nc3 d6 4. Bc4 h6 5. d4 exd4 6. Nxd4 Be7 7. h3 c6 8. a4
b6 9. O-O O-O 10. Be3 Bb7 11. Nf5 Re8 12. Qf3 Bf8 13. Rad1 Qc7 14. Nxh6+ gxh6
15. Qxf6 Qe7 16. Rxd6 Qxf6 17. Rxf6 Re7 18. Rd1 Na6 19. Rg6+ Kh7 20. Rg3 Bg7
21. f4 Nb4 22. e5 Ba6 23. Bb3 Bb7 24. a5 c5 25. Nb5 Ba6 26. Nd6 Rd8 27. Rd2
Red7 28. c3 Nc6 29. Bc2+ Kg8 30. Bf5 Rc7 31. Be4 Ne7 32. f5 Nc8 33. f6 Nxd6 34.
Rxg7+ Kf8 35. Bh7 1-0

[Event "Bad Woerishofen 2017 - Senioren"]
[Site "Bad Woerishofen"]
[Date "2017.03.10"]
[Round "1.17"]
[White "Dallmeier, Gerhard"]
[Black "Neese, Hans-Joachim"]
[Result "0-1"]
[WhiteElo "1819"]
[BlackElo "2106"]
[Annotator "chessorg"]
[PlyCount "74"]
[EventDate "2017.??.??"]
[WhiteTeam "SK Roland Weißenfels"]
[BlackTeam "SV Hennef 1927 e.V."]

1. e4 c5 2. Nf3 d6 3. d4 cxd4 4. Nxd4 Nf6 5. Nc3 a6 6. Bd3 e6 7. O-O Qc7 8. Be3
Be7 9. Qe2 O-O 10. f4 Nbd7 11. Kh1 b5 12. a3 Bb7 13. Rad1 Rac8 14. Qf3 Nb6 15.
Qh3 Nc4 16. Bc1 g6 17. Nce2 Qd7 18. b3 e5 19. Qxd7 Nxd7 20. Nf3 Ncb6 21. f5
gxf5 22. Bh6 fxe4 23. Bxf8 Nxf8 24. Ng3 exd3 25. cxd3 Ng6 26. Rc1 Nd5 27. Rxc8+
Bxc8 28. Rc1 Bd7 29. Ne4 f5 30. Nc3 Nb6 31. Ne2 Bd8 32. Rc2 Kf7 33. g3 Nd5 34.
Kg1 Bb6+ 35. Kh1 Ke7 36. Nc3 Ne3 37. Rc1 Bc6 0-1

[Event "Bad Woerishofen 2017 - Senioren"]
[Site "Bad Woerishofen"]
[Date "2017.03.10"]
[Round "1.18"]
[White "Maes, Valery"]
[Black "Wenske, Hardy"]
[Result "1-0"]
[WhiteElo "2097"]
[BlackElo "1814"]
[Annotator "chessorg"]
[PlyCount "73"]
[EventDate "2017.??.??"]
[WhiteTeam "Krefelder SK Turm 1851 e.V."]
[BlackTeam "Kieler SG von 1884"]

1. d4 d5 2. Nf3 Nf6 3. c4 c6 4. Nbd2 a6 5. g3 Nbd7 6. Bg2 e6 7. O-O Be7 8. Qc2
O-O 9. Rd1 Qc7 10. Nb3 dxc4 11. Qxc4 b5 12. Qc2 Bb7 13. Bf4 Qb6 14. Rac1 Rac8
15. Nc5 Ba8 16. e4 Rfd8 17. b4 Nf8 18. h3 Ng6 19. Be3 Bxc5 20. dxc5 Qc7 21. Bd4
e5 22. Bc3 Ne8 23. h4 f6 24. h5 Nf8 25. Qb3+ Qf7 26. Bh3 Qxb3 27. axb3 Rxd1+
28. Rxd1 Rb8 29. Nh4 Kf7 30. Nf5 g6 31. hxg6+ hxg6 32. Nd6+ Nxd6 33. Rxd6 Ke7
34. f4 Rd8 35. fxe5 fxe5 36. Bxe5 Bb7 37. Bf6+ 1-0

[Event "Bad Woerishofen 2017 - Senioren"]
[Site "Bad Woerishofen"]
[Date "2017.03.10"]
[Round "1.19"]
[White "Kumeth, Hartmut"]
[Black "Rueberg, Jobst"]
[Result "0-1"]
[WhiteElo "1813"]
[BlackElo "2091"]
[Annotator "chessorg"]
[PlyCount "72"]
[EventDate "2017.??.??"]
[WhiteTeam "SK Union Oldenburg"]
[BlackTeam "SV Ahlen 1954 e.V."]

1. d4 Nf6 2. Nf3 e6 3. Bf4 b6 4. e3 Bb7 5. Nbd2 Be7 6. h3 c5 7. Bd3 Nc6 8. c3
h6 9. Qc2 Rc8 10. a3 d5 11. Bb5 O-O 12. Bxc6 Bxc6 13. O-O Bb7 14. Rad1 Nd7 15.
Qb1 a5 16. Rfe1 Nf6 17. Be5 Qe8 18. Bh2 Qa4 19. Rc1 c4 20. g4 Ne4 21. Kf1 f6
22. Ke2 Qd7 23. Nh4 Qe8 24. f3 Nxd2 25. Kxd2 f5 26. Bg3 Bxh4 27. Bxh4 fxg4 28.
fxg4 Rf3 29. Rh1 Qf7 30. Rcf1 Rf8 31. Rxf3 Qxf3 32. Qg1 Qe4 33. Bf2 Bc6 34. Rh2
Qd3+ 35. Kc1 Ba4 36. Be1 Qd1# 0-1

[Event "Bad Woerishofen 2017 - Senioren"]
[Site "Bad Woerishofen"]
[Date "2017.03.10"]
[Round "1.20"]
[White "Villing, Dieter"]
[Black "Zwetz, Anita"]
[Result "1-0"]
[WhiteElo "2089"]
[BlackElo "1813"]
[Annotator "chessorg"]
[PlyCount "67"]
[EventDate "2017.??.??"]
[WhiteTeam "SK 1962 Ladenburg"]
[BlackTeam "TSV Kareth-Lappersdorf"]

1. e4 e6 2. d4 d5 3. Nc3 Nf6 4. Bg5 Be7 5. e5 Nfd7 6. h4 c5 7. Bxe7 Qxe7 8. Nb5
Kd8 9. Qg4 f6 10. Nf3 Nc6 11. exf6 Nxf6 12. Qg5 a6 13. Nc3 cxd4 14. Ne2 Qb4+
15. Nd2 Qxb2 16. Rb1 Qxc2 17. Qxg7 Ne4 18. Qxh8+ Kc7 19. Qxh7+ Bd7 20. Rd1 Nxf2
21. Qxc2 Nxh1 22. Nf3 Kd6 23. Rb1 b5 24. Rc1 e5 25. Qg6+ Be6 26. Rxc6+ Kxc6 27.
Qxe6+ Kc5 28. Qe7+ Kb6 29. Qd6+ Ka5 30. Nxe5 Rc8 31. Nd3 Re8 32. Qh2 Re3 33.
Qxh1 Rxd3 34. g4 1-0

[Event "Bad Woerishofen 2017 - Senioren"]
[Site "Bad Woerishofen"]
[Date "2017.03.10"]
[Round "1.21"]
[White "Huhn, Ulrich"]
[Black "Rahn, Oskar"]
[Result "1/2-1/2"]
[WhiteElo "1808"]
[BlackElo "2088"]
[Annotator "chessorg"]
[PlyCount "226"]
[EventDate "2017.??.??"]
[WhiteTeam "SF Siemensstadt"]

1. d4 Nf6 2. Nc3 d5 3. Bg5 Bf5 4. Nf3 e6 5. e3 Be7 6. Bd3 Ne4 7. Bxe7 Qxe7 8.
Bxe4 Bxe4 9. Nxe4 dxe4 10. Nd2 f5 11. O-O O-O 12. f3 exf3 13. Nxf3 Nd7 14. c4
a5 15. c5 e5 16. Qb3+ Kh8 17. Qxb7 Rfc8 18. Qd5 c6 19. Qc4 e4 20. Nd2 Qg5 21.
Rf4 Nf6 22. Qe6 Nd5 23. Qxf5 Qxf5 24. Rxf5 Nxe3 25. Re5 Nc2 26. Rc1 Nxd4 27.
Rxe4 Rd8 28. Nc4 Nf5 29. Rce1 g6 30. Ne5 Rd5 31. Nxc6 Rxc5 32. Ne5 Rac8 33. Nd3
Rc2 34. Re8+ Rxe8 35. Rxe8+ Kg7 36. Ra8 Rd2 37. Ne1 Rxb2 38. Rxa5 Ne3 39. Re5
Re2 40. Nf3 Rxg2+ 41. Kh1 Re2 42. a4 h6 43. a5 g5 44. h3 Kf6 45. a6 Ra2 46.
Rxe3 Rxa6 47. Nh2 h5 48. Rf3+ Kg6 49. Rf8 Kg7 50. Rf2 Ra3 51. Kg2 Rb3 52. Ra2
Kf6 53. Ra5 Rb2+ 54. Kg1 Rb3 55. Kg2 Rb2+ 56. Kg1 Rb3 57. h4 gxh4 58. Rxh5 Rb4
59. Kg2 Kg6 60. Ra5 Kf6 61. Kh3 Kg6 62. Ng4 Rb1 63. Kxh4 Rh1+ 64. Kg3 Rg1+ 65.
Kf3 Rf1+ 66. Nf2 Rb1 67. Ne4 Rf1+ 68. Kg4 Rg1+ 69. Ng3 Kf6 70. Kf4 Ke6 71. Re5+
Kd6 72. Ne4+ Kc6 73. Re6+ Kb5 74. Ke5 Re1 75. Kd4 Rd1+ 76. Ke5 Re1 77. Kd4 Rd1+
78. Ke3 Rh1 79. Re5+ Kc6 80. Kd3 Rd1+ 81. Kc4 Rc1+ 82. Nc3 Kd6 83. Rh5 Ke6 84.
Kd4 Re1 85. Rh6+ Kf5 86. Rh5+ Ke6 87. Nd5 Rd1+ 88. Ke4 Re1+ 89. Ne3 Kd6 90. Kd4
Kc6 91. Rh6+ Kb5 92. Rg6 Rh1 93. Rg5+ Kc6 94. Rc5+ Kd6 95. Nf5+ Ke6 96. Re5+
Kf6 97. Ne3 Rh4+ 98. Kd5 Ra4 99. Re6+ Kf7 100. Rb6 Ra5+ 101. Ke4 Ra1 102. Kf5
Ra5+ 103. Kf4 Ra1 104. Ke5 Re1 105. Kd4 Rh1 106. Ke4 Re1 107. Kf4 Ra1 108. Rb7+
Ke6 109. Rb6+ Kd7 110. Kf5 Ra5+ 111. Kf6 Kc7 112. Re6 Rh5 113. Nf5 Rh1 1/2-1/2

[Event "Bad Woerishofen 2017 - Senioren"]
[Site "Bad Woerishofen"]
[Date "2017.03.11"]
[Round "1.22"]
[White "Hunold, Rolf"]
[Black "Niedermaier, Peter"]
[Result "1-0"]
[WhiteElo "2081"]
[BlackElo "1808"]
[Annotator "chessorg"]
[PlyCount "137"]
[EventDate "2017.??.??"]
[WhiteTeam "Schachverein Letmathe 1933 e.V."]
[BlackTeam "SU Ebersberg-Grafing"]

1. e4 c5 2. Nf3 d6 3. d4 cxd4 4. Nxd4 Nf6 5. Nc3 a6 6. Be2 g6 7. Be3 Bg7 8. Qd2
Ng4 9. Bg5 Nc6 10. Nxc6 bxc6 11. h3 Nf6 12. Rd1 Qa5 13. O-O Rb8 14. b3 Nd7 15.
Na4 Qxd2 16. Rxd2 Rb4 17. f3 c5 18. Rfd1 Ne5 19. Nxc5 f6 20. Bxa6 fxg5 21. Bxc8
dxc5 22. Be6 Rd4 23. Kf1 Nc6 24. Ke2 Nd8 25. Bc4 e6 26. Rd3 Ke7 27. c3 Rxd3 28.
Kxd3 Nf7 29. Kc2 Rd8 30. Ra1 Nd6 31. Bf1 Rb8 32. a3 Nb5 33. Bxb5 Rxb5 34. a4
Ra5 35. Kd3 Kd6 36. Kc4 Kc6 37. Ra2 Ra8 38. Rd2 Bf8 39. Re2 Rb8 40. Re1 Bd6 41.
Re2 Bc7 42. Rb2 Ra8 43. Ra2 Rd8 44. a5 Ra8 45. b4 cxb4 46. cxb4 Kb7 47. Kb5 Rd8
48. Rc2 Rb8 49. Rc4 Bd6 50. Rd4 Kc7+ 51. Ka4 Kc6 52. b5+ Kc5 53. Rd2 Bf4 54.
Rc2+ Kd6 55. b6 Be3 56. Kb5 h6 57. Rc6+ Kd7 58. Rc7+ Kd6 59. Rc6+ Kd7 60. a6
Bxb6 61. Rxb6 Ra8 62. Rb7+ Kd6 63. Kb6 Ke5 64. a7 Rd8 65. Rf7 Rd6+ 66. Kb7 Rd2
67. a8=Q Rxg2 68. Qa1+ Kd6 69. Qd4# 1-0

[Event "Bad Woerishofen 2017 - Senioren"]
[Site "Bad Woerishofen"]
[Date "2017.03.11"]
[Round "1.23"]
[White "Bjorgvik, Jan Arne"]
[Black "Lange, Manfred"]
[Result "1/2-1/2"]
[WhiteElo "1779"]
[BlackElo "2081"]
[Annotator "chessorg"]
[PlyCount "72"]
[EventDate "2017.??.??"]
[BlackTeam "SV Würzburg von 1865 e.V."]

1. e4 c5 2. Nf3 e6 3. d4 cxd4 4. Nxd4 Nc6 5. Nxc6 bxc6 6. c4 Nf6 7. Nc3 Bb4 8.
Bd3 d6 9. O-O Bxc3 10. bxc3 Qa5 11. Qb3 O-O 12. Qb4 Qc7 13. Bf4 c5 14. Qa3 Bb7
15. f3 Nd7 16. Rab1 Bc6 17. Rb2 e5 18. Be3 Nb6 19. Qa5 Qd7 20. Qa3 Qe6 21. Qa6
Rfb8 22. Rfb1 h6 23. h3 g5 24. Be2 Qd7 25. Bd3 Kg7 26. Be2 Qc7 27. Qa5 Qe7 28.
Bd3 h5 29. Be2 Rh8 30. Qa6 g4 31. Kh2 Qh4 32. Bd1 gxh3 33. g3 Qf6 34. a4 Qe6
35. Bb3 Qc8 36. Qxc8 Nxc8 1/2-1/2

[Event "Bad Woerishofen 2017 - Senioren"]
[Site "Bad Woerishofen"]
[Date "2017.03.10"]
[Round "1.24"]
[White "Heppell, Ian"]
[Black "Weber, Gerhard"]
[Result "1-0"]
[WhiteElo "2077"]
[BlackElo "1773"]
[Annotator "chessorg"]
[PlyCount "29"]
[EventDate "2017.??.??"]
[WhiteTeam "Wimbledon"]
[BlackTeam "SC Bayer Leverkusen e.V."]

1. e4 e5 2. Nf3 Nc6 3. c3 Nf6 4. d4 exd4 5. e5 Ng4 6. cxd4 Bb4+ 7. Nc3 h5 8. h3
Nh6 9. d5 Ne7 10. Bc4 Bxc3+ 11. bxc3 d6 12. O-O Nhf5 13. Re1 dxe5 14. Nxe5 Nd6
15. Bg5 1-0

[Event "Bad Woerishofen 2017 - Senioren"]
[Site "Bad Woerishofen"]
[Date "2017.03.11"]
[Round "1.25"]
[White "Rothenhagen, Siegfried"]
[Black "Kroencke, Manfred"]
[Result "0-1"]
[WhiteElo "1770"]
[BlackElo "2076"]
[Annotator "chessorg"]
[PlyCount "60"]
[EventDate "2017.??.??"]
[WhiteTeam "SF Windach"]
[BlackTeam "SG Glueckstadt von 1920 e. V."]

1. d4 d5 2. Bf4 c5 3. e3 Qb6 4. Nc3 e6 5. Rb1 Nf6 6. Nf3 Bd7 7. Be2 Be7 8. O-O
O-O 9. a4 a6 10. Ne5 Rd8 11. Qd2 Be8 12. b3 cxd4 13. exd4 Nc6 14. Nxc6 Qxc6 15.
Na2 Ne4 16. Qd3 f6 17. f3 Nd6 18. Rfe1 Bg6 19. Qd2 Qxc2 20. Rb2 Qxd2 21. Bxd2
Nf5 22. Bc3 Rac8 23. Bd3 Rc6 24. Rbe2 Kf7 25. g4 Nh4 26. Bxg6+ Nxg6 27. Kf2
Rdc8 28. Bb4 Nf4 29. Rd2 Rc2 30. Ke3 Ng2+ 0-1